Joueurs du PSG de A à Z - Statistiques

Statistiques générales
  • Ce quiz a été pris 143 fois
  • Le résultat moyen est 12 sur 26
Statistiques - réponses
Lettre Indices Joueurs % Correct
Z Milieu de terrain français formé au PSG, il joue ses premiers matchs dans la capitale en 2022. À 16 ans, 4 mois et 29 jours, il devient le plus jeune joueur de l’histoire du PSG à porter le maillot rouge et bleu. Il s'impose très rapidement et bat des records de précocité en Ligue Des Champions puis en équipe de France. Warren Zaïre-Emery
89%
W Attaquant libérien, il se révèle à Monaco entre 1988 et 1992 avant de signer au PSG. Il jouera 138 matchs pour 55 buts avant de partir pour l'AC Milan en 1995. Dès sa première année, il sera récompensé par le Ballon d'Or. George Weah
80%
N Milieu offensif brésilien, il commence sa carrière au pays en 2000. Il s'exporte ensuite en Espagne de 2003 à 2007 avant de signer à Monaco. Il signe au PSG en 2010 et inscrira 48 buts en 112 matchs. Il quitte le club en 2013 pour le Qatar. Nenê
74%
U Milieu défensif uruguayen, il commence sa carrière au pays en 20147 avant de s'envoler pour Famalicao en 2021. Après une saison convaincante, le Sporting CP l'achète à l'été 2021. En 2023, il signe au PSG contre 60 millions d'euros. Manuel Ugarte
72%
K Ce défenseur central français est surnommé "Casque d'Or". Passé par Paris entre 1990 et 1995, il a auparavant fait les beaux jours de Nantes. Il reviendra coacher le club de la capitale de 2009 à 2011. Antoine Kombouaré
71%
I Ailier français formé au PSG, il joue son premier match avec Paris en 2016. Il est ensuite prêté à Montpellier où il réalise une saison pleine. En 2018, il est transféré à Lille avec qui il devient champion de France en 2021. Depuis 2022, il joue à la Fiorentina. Jonathan Ikoné
71%
J Arrière droit français, il commence sa carrière en 2003 avec Niort où il joue milieu défensif. Il signe à Lorient en 2006 où il s'impose à droite de la défense. Il est transféré à Paris en 2009 où il jouera 198 matchs jusqu'à son départ pour Lyon en 2014. Il finira sa carrière à Amiens. Christophe Jallet
70%
H Ce longiligne attaquant français se révèle au Havre en 2004. Il signe au PSG en 2008 et hérite du numéro 9 de Pauleta. Il disputera 161 matchs pour 56 buts en 5 saisons. Guillaume Hoarau
70%
V Défenseur droit néerlandais, il commence sa carrière à l'AJAX Amsterdam en 2006. Il jouera 191 matchs en 6 saisons avant de signer au PSG à l'été 2012. Barré par la concurrence d'Aurier et de Marquinhos, il part à Fenerbahce en 2016. Gregory van der Wiel
68%
G Ailier français, il quitte Brest pour le PSG en 1992 avant d'être élu joueur de la saison en 1993 avec Paris. Ses performances en coupe d'Europe lui valent le surnom d'El Magnifico. David Ginola
55%
Y Défenseur central colombien, il débarque en France en 2022 au FC Nantes en provenance de River Plate. Il est nommé dans l'équipe type de la saison 2003-2004 ce qui pousse le PSG à l'acheter à l'été. En 4 saisons, il jouera 143 matchs dans la capitale. Il partira ensuite en Italie à Vérone, Milan et enfin Bergame. Mario Yepes
54%
B Attaquant français formé au PSG, il dispute son premier match en 2011 à l'âge 17 ans lors d'un quart de finale de Coupe de France. Il enchainera des prêts à Troyes, Valenciennes, Saint-Étienne, Pescara et Utrecht avant de signer dans le club des Pays-Bas. Il joue aujourd'hui en Bolivie. Jean-Christophe Bahebeck
49%
E Gardien arménien, il arrive au PSG en 2007 en tant que troisième gardien. Il commence a jouer plus régulièrement en 2009 avec les blessures de Gregory Coupet avant de s'imposer en 2010. Il quitte le club libre en 2011. Apoula Edel
47%
O Élu titi d'or en 2011, cet attaquant français joue ses premiers match avec le PSG en 2013 avant de partir en prêt à Bastia. Après cette expérience ratée et l'arrivée de nombreux joueurs à son poste, il quitte le club en 2017 pour le PEC Zwolle. Il est actuellement au Rapid Bucarest après 7 clubs différents en autant d'années. Hervin Ongenda
44%
L Gardien français, il commence sa carrière à Nice en 1992 mais se révèle pleinement à Metz de 1996 à 2000. Il signe ensuite au PSG où il jouera 196 matchs avant de partir libre en 2006 pour les Glasgow Rangers. Lionel Letizi
41%
F Milieu offensif français, il se révèle à Guingamp et arrive au PSG en 2002. Il jouera 102 matchs en 2 ans pour 20 buts. Il quittera Paris pour Marseille en 2004 et déclarera : "Le PSG est une secte, j'ai trouvé une famille à Marseille". Fabrice Fiorèse
40%
C Milieu défensif français formé à l'OL, il dispute 3 saisons à Gerland entre 2003 et 2006 avant de s'exiler à Glasgow. Il arrive à Paris en 2007 et dispute 192 matchs en 4 saisons. Il passera ensuite par Saint-Étienne et Nancy. Jérémy Clément
34%
S Milieu offensif béninois, il arrive en France à US Créteil-Lusitanos en 2004. Après 2 saisons pleines au Mans, il débarque à Paris en 2008 pour 8 millions d'euros. Il jouera 105 matchs pour 10 buts et quittera le club en 2011 après une altercation avec Antoine Kombouaré. Stéphane Sessègnon
33%
T Défenseur central malien, il commence sa carrière à US Créteil-Lusitanos en National puis en Ligue 2 en 1994. Après 154 matchs, il découvre la Ligue 1 avec Nice en 2002. Il signe au PSG en 2006 et sera dans la rotation derrière Sakho, Camara ou Armand. Il quitte le club en 2011 et prend sa retraite. Sammy Traoré
31%
R Défenseur malgache surnommé "Rabé", il s'impose d'abord à Nancy où il jouera 247 matchs en 7 saisons. Il signe au PSG en 1997 avant de devenir capitaine en 2000. Il perd le brassard avec l'arrivée de Luis Fernandez et quitte le club pour l'AEK Athènes en 2001. Éric Rabésandratana
28%
X Attaquant français formé à l'OL, il dispute ses premiers matchs avec le club rhodanien en 1977. Après 98 matchs pour 21 buts, il part au RC Lens en 1981. Il se révèle et confirme dans le Nord où il marque 44 buts en 188 matchs. en 1986, il dispute la coupe du monde avec la France et termine 3ème. Il signe ensuite au PSG et jouera 92 matchs pour 22 buts en 3 saisons. Il jouera ensuite à Montpellier et Marseille avant de terminer sa carrière à Toulon. Daniel Xuereb
24%
P Attaquant français formé au CS Louhans-Cuiseaux, il fait ses débuts en professionnel en 1999. Après de bonnes saisons au Mans, il est recruté par le PSG en 2004. Il jouera 132 matchs pour 14 buts à Paris avant de quitter le club. Il reviendra en France, à Nantes entre 2011 et 2014. Fabrice Pancrate
24%
M Milieu défensif camerounais, il commence sa carrière en 2000 à Sedan avant de partir pour Paris en 2003 après la relégation du club Ardennais. Il jouera 101 matchs au PSG en 3 saisons avant de partir pour Marseille de 2006 à 2009. Il fera un retour en France au Havre entre 2014 et 2016. Modeste M'Bami
20%
A Formé au PSG, il joue son premier match en 2000 avant d'enchainer 2 prêts et de quitter le club de la capitale. Ce milieu français est connu pour son passage à Lorient et à joué la Ligue Des Champions avec l'OM. Fabrice Abriel
17%
Q Attaquant marocain, il est formé au PSG et dispute un seul et unique match avec le club le Karpaty Lviv en Ligue Europa en 2010. Il quitte le club en 2011. Il trouvera sa meilleure forme en Espagne à Elche pour la saison 2019-2020 où il inscrira 28 buts en 63 matchs. Il jouera ensuite au Rayo Vallecano, à Leganés puis à Eibar. Yacine Qasmi
8%
D Ce défenseur français, aussi utilisé en tant que milieu défensif, est formé au PSG et dispute son premier match en 1994. Il disputera 8 saisons dans la capitale pour 148 matchs. Il se reconvertira consultant pour l'émission After Foot de RMC de 2017 à 2020. Pierre Ducrocq
3%
Aucun quiz correspondant
Distribution des résultats
% des personnes avec chaque résultat
Percentile par nombre de réponses
Votre historique - résultats
Vous n’avez pas pris ce quiz